<?xml version="1.0" encoding="UTF-8"?><?xml-stylesheet type="text/xsl" href="static/style.xsl"?><OAI-PMH xmlns="http://www.openarchives.org/OAI/2.0/" xmlns:xsi="http://www.w3.org/2001/XMLSchema-instance" xsi:schemaLocation="http://www.openarchives.org/OAI/2.0/ http://www.openarchives.org/OAI/2.0/OAI-PMH.xsd"><responseDate>2026-04-14T06:23:12Z</responseDate><request verb="GetRecord" identifier="oai:www.recercat.cat:10256/22217" metadataPrefix="marc">https://recercat.cat/oai/request</request><GetRecord><record><header><identifier>oai:recercat.cat:10256/22217</identifier><datestamp>2024-05-22T09:51:02Z</datestamp><setSpec>com_2072_452955</setSpec><setSpec>com_2072_2054</setSpec><setSpec>col_2072_452957</setSpec></header><metadata><record xmlns="http://www.loc.gov/MARC21/slim" xmlns:dcterms="http://purl.org/dc/terms/" xmlns:xsi="http://www.w3.org/2001/XMLSchema-instance" xmlns:doc="http://www.lyncode.com/xoai" xsi:schemaLocation="http://www.loc.gov/MARC21/slim http://www.loc.gov/standards/marcxml/schema/MARC21slim.xsd">
   <leader>00925njm 22002777a 4500</leader>
   <datafield ind2=" " ind1=" " tag="042">
      <subfield code="a">dc</subfield>
   </datafield>
   <datafield ind2=" " ind1=" " tag="720">
      <subfield code="a">Salem, Mostafa</subfield>
      <subfield code="e">author</subfield>
   </datafield>
   <datafield ind2=" " ind1=" " tag="720">
      <subfield code="a">Ahmed Ryan, Marwa</subfield>
      <subfield code="e">author</subfield>
   </datafield>
   <datafield ind2=" " ind1=" " tag="720">
      <subfield code="a">Oliver i Malagelada, Arnau</subfield>
      <subfield code="e">author</subfield>
   </datafield>
   <datafield ind2=" " ind1=" " tag="720">
      <subfield code="a">Hussain, Khaled Fathy</subfield>
      <subfield code="e">author</subfield>
   </datafield>
   <datafield ind2=" " ind1=" " tag="720">
      <subfield code="a">Lladó Bardera, Xavier</subfield>
      <subfield code="e">author</subfield>
   </datafield>
   <datafield ind2=" " ind1=" " tag="260">
      <subfield code="c">2022-11-24</subfield>
   </datafield>
   <datafield ind2=" " ind1=" " tag="520">
      <subfield code="a">Longitudinal magnetic resonance imaging (MRI) has an important role in multiple sclerosis (MS) diagnosis and follow-up. Specifically, the presence of new lesions on brain MRI scans is considered a robust predictive biomarker for the disease progression. New lesions are a high-impact prognostic factor to predict evolution to MS or risk of disability accumulation over time. However, the detection of this disease activity is performed visually by comparing the follow-up and baseline scans. Due to the presence of small lesions, misregistration, and high inter-/intra-observer variability, this detection of new lesions is prone to errors. In this direction, one of the last Medical Image Computing and Computer Assisted Intervention (MICCAI) challenges was dealing with this automatic new lesion quantification. The MSSEG-2: MS new lesions segmentation challenge offers an evaluation framework for this new lesion segmentation task with a large database (100 patients, each with two-time points) compiled from the OFSEP (Observatoire français de la sclérose en plaques) cohort, the French MS registry, including 3D T2-w fluid-attenuated inversion recovery (T2-FLAIR) images from different centers and scanners. Apart from a change in centers, MRI scanners, and acquisition protocols, there are more challenges that hinder the automated detection process of new lesions such as the need for large annotated datasets, which may be not easily available, or the fact that new lesions are small areas producing a class imbalance problem that could bias trained models toward the non-lesion class. In this article, we present a novel automated method for new lesion detection of MS patient images. Our approach is based on a cascade of two 3D patch-wise fully convolutional neural networks (FCNNs). The first FCNN is trained to be more sensitive revealing possible candidate new lesion voxels, while the second FCNN is trained to reduce the number of misclassified voxels coming from the first network. 3D T2-FLAIR images from the two-time points were pre-processed and linearly co-registered. Afterward, a fully CNN, where its inputs were only the baseline and follow-up images, was trained to detect new MS lesions. Our approach obtained a mean segmentation dice similarity coefficient of 0.42 with a detection F1-score of 0.5. Compared to the challenge participants, we obtained one of the highest precision scores (PPVL = 0.52), the best PPVL rate (0.53), and a lesion detection sensitivity (SensL of 0.53)</subfield>
   </datafield>
   <datafield ind2=" " ind1=" " tag="520">
      <subfield code="a">This work has been supported by DPI2020-114769RB-I00&#xd;
from the Ministerio de Ciencia, Innovación y Universidades.&#xd;
The authors gratefully acknowledge the support of the NVIDIA Corporation with their donation of the TITAN X GPU used&#xd;
in this research. This work has been also supported by ICREA&#xd;
Academia program</subfield>
   </datafield>
   <datafield ind1="8" ind2=" " tag="024">
      <subfield code="a">http://hdl.handle.net/10256/22217</subfield>
   </datafield>
   <datafield tag="653" ind2=" " ind1=" ">
      <subfield code="a">Esclerosi múltiple</subfield>
   </datafield>
   <datafield tag="653" ind2=" " ind1=" ">
      <subfield code="a">Multiple sclerosis</subfield>
   </datafield>
   <datafield tag="653" ind2=" " ind1=" ">
      <subfield code="a">Imatgeria tridimensional en medicina</subfield>
   </datafield>
   <datafield tag="653" ind2=" " ind1=" ">
      <subfield code="a">Three-dimensional imaging in medicine</subfield>
   </datafield>
   <datafield tag="653" ind2=" " ind1=" ">
      <subfield code="a">Imatgeria per al diagnòstic</subfield>
   </datafield>
   <datafield tag="653" ind2=" " ind1=" ">
      <subfield code="a">Diagnostic imaging</subfield>
   </datafield>
   <datafield ind2="0" ind1="0" tag="245">
      <subfield code="a">Improving the detection of new lesions in multiple sclerosis with a cascaded 3D fully convolutional neural network approach</subfield>
   </datafield>
</record></metadata></record></GetRecord></OAI-PMH>